000 00575nam a2200241 a 4500
001 nice12345678
003 IN_TiNIC
005 20260116011255.0
008 050524s1969 lona grp 000 0 eng
020 _a
_c1715
082 0 0 _a954.0359
_bMOO
100 _aMoon, Penderel
245 _aDivide and Quit
260 _aLondon
_bChatto and Windus Limited
_c1969
300 _a302p
500 _aincludes index and biblioraphy
505 2 _aIndex, Ill.
650 _aPartition of India
700 1 _aMoon, Penderel
902 _bSRS
942 _cBK
999 _c72
_d72